[Event "Chess Festival 2008 - IM Dopravni Stavb"]
[Site "Brno CZE"]
[Date "2008.07.01"]
[Round "6.2"]
[White "Holemar, David"]
[Black "Vesely, Jaromir"]
[Result "1-0"]
[WhiteElo "2321"]
[BlackElo "2074"]
[PlyCount "51"]
[EventDate "2008.06.27"]
[EventType "tourn"]
[EventRounds "11"]
[EventCountry "CZE"]
[Source "lmi"]
[SourceDate "2008.06.27"]

1. d4 Nf6 2. Nf3 e6 3. c4 b6 4. g3 Bb7 5. Bg2 Be7 6. O-O O-O 7. d5 Re8 8. Nh4
Qc8 9. Nc3 exd5 10. cxd5 Bb4 11. Qd4 Na6 12. Nf5 Bc5 13. Qh4 Bf8 14. Nh6+ gxh6
15. Qxf6 Bg7 16. Qh4 Qd8 17. Qg4 h5 18. Qxh5 Re5 19. Qf3 f5 20. Be3 c5 21. dxc6
Bxc6 22. Qf4 Bxg2 23. Kxg2 Nc5 24. Rad1 d5 25. Nxd5 Ne4 26. Nxb6 1-0

[Event "Chess Festival 2008 - IM Dopravni Stavb"]
[Site "Brno CZE"]
[Date "2008.07.01"]
[Round "6.4"]
[White "Andonov, Bogomil"]
[Black "Janko, Zoltan"]
[Result "0-1"]
[WhiteElo "2334"]
[BlackElo "2235"]
[PlyCount "85"]
[EventDate "2008.06.27"]
[EventType "tourn"]
[EventRounds "11"]
[EventCountry "CZE"]
[Source "lmi"]
[SourceDate "2008.06.27"]

1. Nf3 c5 2. c4 Nc6 3. d4 cxd4 4. Nxd4 Nf6 5. Nc3 e6 6. a3 Nxd4 7. Qxd4 b6 8.
e4 Bc5 9. Qd1 O-O 10. Bg5 Be7 11. Bd3 d6 12. O-O Bb7 13. Qd2 Rc8 14. Rfd1 Qc7
15. Rac1 Rfd8 16. f3 Qb8 17. Kh1 Rc7 18. b4 Rcd7 19. Bb1 g6 20. Ba2 Nh5 21. Be3
Bc6 22. Bb3 Bf6 23. Ne2 Be5 24. Nd4 Bb7 25. Ba4 d5 26. f4 Bxf4 27. Bxf4 Nxf4
28. Bxd7 dxe4 29. c5 e3 30. Qb2 Bxg2+ 31. Kg1 Be4 32. Kf1 Qe5 33. c6 Nh3 34.
Ke1 Qf4 35. Nf3 Bxf3 36. Rd4 Qg5 37. Qe2 Bxe2 38. c7 Qg1+ 39. Kxe2 Qf2+ 40. Kd3
Qd2+ 41. Ke4 Ng5+ 42. Kf4 Qxd4+ 43. Kxg5 0-1

[Event "Chess Festival 2008 - IM Dopravni Stavb"]
[Site "Brno CZE"]
[Date "2008.07.01"]
[Round "6.6"]
[White "Skacelik, Petr"]
[Black "Zavadil, Michal"]
[Result "1-0"]
[WhiteElo "2260"]
[BlackElo "2113"]
[PlyCount "127"]
[EventDate "2008.06.27"]
[EventType "tourn"]
[EventRounds "11"]
[EventCountry "CZE"]
[Source "lmi"]
[SourceDate "2008.06.27"]

1. d4 d5 2. c4 c6 3. Nc3 Nf6 4. Bg5 e6 5. e3 Nbd7 6. Nf3 Be7 7. Rc1 O-O 8. Bd3
dxc4 9. Bxc4 Nd5 10. Bxe7 Qxe7 11. O-O Nxc3 12. Rxc3 e5 13. Nxe5 Nxe5 14. dxe5
Qxe5 15. f4 Qf6 16. f5 b6 17. Rd3 Bb7 18. Rd6 Qe5 19. Rd7 Qe4 20. Qd4 c5 21.
Qxe4 Bxe4 22. Rf4 Bc6 23. Rc7 Be8 24. Bd5 Rd8 25. e4 Rd7 26. Rc8 Re7 27. f6
gxf6 28. Rxf6 Bb5 29. Rxf8+ Kxf8 30. Kf2 Kg7 31. Rf3 Be8 32. Ke3 f6 33. Kf4 Re5
34. h4 Bf7 35. Bxf7 Kxf7 36. g4 h6 37. Rd3 Re7 38. Rd6 Kg7 39. Rd5 Rc7 40. Kf5
c4 41. Ke6 a5 42. Kd6 c3 43. bxc3 Rxc3 44. g5 fxg5 45. hxg5 hxg5 46. Rxg5+ Kf8
47. Rb5 Rc2 48. Rxb6 Rxa2 49. e5 Re2 50. Ra6 Rd2+ 51. Ke6 Ra2 52. Ra8+ Kg7 53.
Ke7 a4 54. e6 a3 55. Ke8 Ra1 56. Ra7+ Kf6 57. e7 Kg7 58. Ra4 a2 59. Rg4+ Kh7
60. Rg2 Kh6 61. Rd2 Kg7 62. Kd7 Rb1 63. e8=Q a1=Q 64. Rg2+ 1-0

[Event "Chess Festival 2008 - IM Dopravni Stavb"]
[Site "Brno CZE"]
[Date "2008.07.02"]
[Round "7.1"]
[White "Zavadil, Michal"]
[Black "Murdzia, Piotr"]
[Result "0-1"]
[WhiteElo "2113"]
[BlackElo "2471"]
[PlyCount "78"]
[EventDate "2008.06.27"]
[EventType "tourn"]
[EventRounds "11"]
[EventCountry "CZE"]
[Source "lmi"]
[SourceDate "2008.06.27"]

1. d4 f5 2. Bg5 h6 3. Bh4 g5 4. e3 Nf6 5. Bg3 Bg7 6. c4 d6 7. Nc3 c5 8. d5 Qa5
9. Qd2 Nh5 10. Nb5 Qb6 11. Bd3 O-O 12. Ne2 Nd7 13. f4 Ndf6 14. O-O g4 15. Be1
a6 16. Nbc3 e6 17. Na4 Qc7 18. Qa5 Qe7 19. Nb6 exd5 20. Bd2 dxc4 21. Bxc4+ d5
22. Nxa8 dxc4 23. Nb6 Ne4 24. Nxc4 Be6 25. Ne5 Bxe5 26. fxe5 b6 27. Qxb6 Nxd2
28. Nf4 Nxf4 29. Rxf4 Nc4 30. Qxa6 Nxe3 31. Qd3 Nd5 32. Rxg4+ fxg4 33. Qg6+ Qg7
34. Qxe6+ Qf7 35. Qxg4+ Kh8 36. h3 Qf2+ 37. Kh1 Ne3 38. Qg6 Qf4 39. Re1 Nf1 0-1

[Event "Chess Festival 2008 - IM Dopravni Stavb"]
[Site "Brno CZE"]
[Date "2008.07.02"]
[Round "7.2"]
[White "Lahner, Jakub"]
[Black "Skacelik, Petr"]
[Result "1/2-1/2"]
[WhiteElo "2314"]
[BlackElo "2260"]
[PlyCount "40"]
[EventDate "2008.06.27"]
[EventType "tourn"]
[EventRounds "11"]
[EventCountry "CZE"]
[Source "lmi"]
[SourceDate "2008.06.27"]

1. d4 d5 2. c4 c6 3. Nf3 Nf6 4. e3 e6 5. Nbd2 Nbd7 6. Bd3 Bd6 7. O-O O-O 8. e4
dxe4 9. Nxe4 Nxe4 10. Bxe4 h6 11. Bc2 e5 12. Qd3 f5 13. Qb3 Kh8 14. dxe5 Nxe5
15. Bf4 Nxf3+ 16. Qxf3 Bxf4 17. Qxf4 Qf6 18. b3 g5 19. Qe3 f4 20. Qd3 Qg7
1/2-1/2

[Event "Chess Festival 2008 - IM Dopravni Stavb"]
[Site "Brno CZE"]
[Date "2008.07.02"]
[Round "7.5"]
[White "Vesely, Jaromir"]
[Black "Chladek, Vaclav"]
[Result "1/2-1/2"]
[WhiteElo "2074"]
[BlackElo "2161"]
[PlyCount "29"]
[EventDate "2008.06.27"]
[EventType "tourn"]
[EventRounds "11"]
[EventCountry "CZE"]
[Source "lmi"]
[SourceDate "2008.06.27"]

1. d4 d5 2. Nf3 Nf6 3. c4 c6 4. e3 a6 5. Nc3 e6 6. Bd3 Bd6 7. O-O O-O 8. b3
Nbd7 9. Bb2 Re8 10. Qc2 e5 11. Nxe5 Bxe5 12. dxe5 Nxe5 13. cxd5 cxd5 14. Rad1
Nxd3 15. Qxd3 1/2-1/2

[Event "Chess Festival 2008 - IM Dopravni Stavb"]
[Site "Brno CZE"]
[Date "2008.07.03"]
[Round "8.1"]
[White "Murdzia, Piotr"]
[Black "Holemar, David"]
[Result "1-0"]
[WhiteElo "2471"]
[BlackElo "2321"]
[PlyCount "63"]
[EventDate "2008.06.27"]
[EventType "tourn"]
[EventRounds "11"]
[EventCountry "CZE"]
[Source "lmi"]
[SourceDate "2008.06.27"]

1. d4 Nf6 2. c4 g6 3. Nc3 Bg7 4. Nf3 O-O 5. Bg5 d6 6. e3 h6 7. Bh4 c5 8. Be2
Nc6 9. d5 Na5 10. O-O a6 11. Nd2 b5 12. cxb5 axb5 13. Bxb5 Qb6 14. a4 Ba6 15.
f4 Bxb5 16. axb5 c4 17. Bf2 Nd7 18. Qe2 Rfc8 19. e4 Qb7 20. Ra3 Nc5 21. Rfa1
Bxc3 22. bxc3 Qxb5 23. h3 Ra6 24. Kh2 Nd3 25. Be3 Rca8 26. Rb1 Nb3 27. Raxb3
cxb3 28. Rxb3 Qe8 29. Qxd3 Ra1 30. e5 Rb8 31. exd6 exd6 32. Ne4 1-0

[Event "Chess Festival 2008 - IM Dopravni Stavb"]
[Site "Brno CZE"]
[Date "2008.07.03"]
[Round "8.2"]
[White "Chladek, Vaclav"]
[Black "Splosnov, Sergei"]
[Result "0-1"]
[WhiteElo "2161"]
[BlackElo "2355"]
[PlyCount "90"]
[EventDate "2008.06.27"]
[EventType "tourn"]
[EventRounds "11"]
[EventCountry "CZE"]
[Source "lmi"]
[SourceDate "2008.06.27"]

1. e4 e5 2. Nf3 Nf6 3. d4 Nxe4 4. Bd3 d5 5. Nxe5 Be7 6. O-O Nd7 7. Nxd7 Bxd7 8.
Nd2 Nf6 9. Nf3 Bg4 10. h3 Bh5 11. Bf4 O-O 12. Be2 Ne4 13. Re1 Bd6 14. Ne5 Qf6
15. Be3 Bxe2 16. Qxe2 Qf5 17. Qf3 Qxf3 18. Nxf3 Rfe8 19. Nd2 f5 20. Nxe4 fxe4
21. Re2 Re6 22. c3 Rae8 23. b3 b5 24. Rc2 Rb8 25. Kf1 Ree8 26. Ke2 Kf7 27. Rf1
Ke6 28. Rcc1 Rf8 29. Rc2 Kd7 30. Rfc1 Rb6 31. Bd2 Ba3 32. Rd1 Bd6 33. Rdc1 Rfb8
34. Be3 Rc6 35. Rf1 Be7 36. Rfc1 a5 37. Bd2 a4 38. b4 Rg6 39. Rg1 Bd6 40. Rcc1
Rf8 41. Kf1 Bh2 42. Rh1 Bg3 43. Be3 Bxf2 44. Bxf2 Rgf6 45. Rc2 e3 0-1

[Event "Chess Festival 2008 - IM Dopravni Stavb"]
[Site "Brno CZE"]
[Date "2008.07.03"]
[Round "8.5"]
[White "Skacelik, Petr"]
[Black "Janko, Zoltan"]
[Result "1/2-1/2"]
[WhiteElo "2260"]
[BlackElo "2235"]
[PlyCount "30"]
[EventDate "2008.06.27"]
[EventType "tourn"]
[EventRounds "11"]
[EventCountry "CZE"]
[Source "lmi"]
[SourceDate "2008.06.27"]

1. d4 Nf6 2. c4 g6 3. Nc3 d5 4. Nf3 Bg7 5. Qb3 dxc4 6. Qxc4 O-O 7. e4 Na6 8.
Be2 c5 9. d5 e6 10. O-O exd5 11. exd5 Bf5 12. Bf4 Qb6 13. Qb5 Nb4 14. Rfd1 Ne4
15. Be5 Rfe8 1/2-1/2

[Event "Chess Festival 2008 - IM Dopravni Stavb"]
[Site "Brno CZE"]
[Date "2008.07.03"]
[Round "8.6"]
[White "Zavadil, Michal"]
[Black "Lahner, Jakub"]
[Result "1-0"]
[WhiteElo "2113"]
[BlackElo "2314"]
[PlyCount "53"]
[EventDate "2008.06.27"]
[EventType "tourn"]
[EventRounds "11"]
[EventCountry "CZE"]
[Source "lmi"]
[SourceDate "2008.06.27"]

1. d4 Nf6 2. c4 e6 3. Nc3 Bb4 4. e3 O-O 5. Bd3 d5 6. Nf3 c5 7. O-O cxd4 8. exd4
dxc4 9. Bxc4 Nbd7 10. Bg5 Qa5 11. Qd3 Bxc3 12. bxc3 b6 13. Rfe1 Nd5 14. Rac1
Bb7 15. Bd2 Qa3 16. Re4 h6 17. Ne5 Nxe5 18. dxe5 Rfd8 19. Rd4 Qf8 20. Qg3 Kh8
21. Qh3 Ne7 22. Bg5 Rxd4 23. cxd4 Rc8 24. Bd3 Kg8 25. Rxc8 Nxc8 26. Bd2 Qa3 27.
Bh7+ 1-0

[Event "Chess Festival 2008 - IM Dopravni Stavb"]
[Site "Brno CZE"]
[Date "2008.07.04"]
[Round "9.1"]
[White "Lahner, Jakub"]
[Black "Murdzia, Piotr"]
[Result "1/2-1/2"]
[WhiteElo "2314"]
[BlackElo "2471"]
[PlyCount "29"]
[EventDate "2008.06.27"]
[EventType "tourn"]
[EventRounds "11"]
[EventCountry "CZE"]
[Source "lmi"]
[SourceDate "2008.06.27"]

1. d4 d6 2. Nf3 Nf6 3. c4 c6 4. Nc3 Bf5 5. g3 Nbd7 6. Bg2 Ne4 7. Nxe4 Bxe4 8.
O-O Nf6 9. Bg5 e6 10. b4 Be7 11. Qb3 h6 12. Bd2 O-O 13. a4 a6 14. Bc3 Qd7 15.
Nd2 1/2-1/2

[Event "Chess Festival 2008 - IM Dopravni Stavb"]
[Site "Brno CZE"]
[Date "2008.07.04"]
[Round "9.2"]
[White "Janko, Zoltan"]
[Black "Zavadil, Michal"]
[Result "1-0"]
[WhiteElo "2235"]
[BlackElo "2113"]
[PlyCount "111"]
[EventDate "2008.06.27"]
[EventType "tourn"]
[EventRounds "11"]
[EventCountry "CZE"]
[Source "lmi"]
[SourceDate "2008.06.27"]

1. e4 e5 2. Nf3 Nc6 3. d4 exd4 4. Nxd4 Nf6 5. Nxc6 bxc6 6. e5 Qe7 7. Qe2 Nd5 8.
c4 Nb6 9. Nc3 Ba6 10. Qe4 Qe6 11. b3 Bb4 12. Bd2 Bxc3 13. Bxc3 d5 14. Qh4 dxc4
15. Be2 Nd5 16. Bxc4 g5 17. Bxd5 Qxd5 18. Qxg5 Rd8 19. Qg4 h5 20. Qf3 Qxf3 21.
gxf3 Rd3 22. Bd2 Rxf3 23. Be3 Rg8 24. O-O-O Ke7 25. Bxa7 Ke6 26. Rd2 Bd3 27.
Re1 Rg2 28. Re3 Rxe3 29. Bxe3 Ba6 30. f4 Rxd2 31. Kxd2 Kd5 32. b4 Ke4 33. a4
Bc8 34. Ke2 Ba6+ 35. Kf2 Kf5 36. Bc1 Bc4 37. Ke3 Bb3 38. a5 Bc4 39. Kd4 Ba6 40.
Kc5 Bb7 41. a6 Ba8 42. Kd4 Ke6 43. Bd2 Kf5 44. Be3 Ke6 45. Bf2 Kf5 46. Bg3 Ke6
47. Bh4 Kf5 48. Bd8 Kxf4 49. Bxc7 Kf5 50. Kc5 Ke6 51. Kb6 Kd7 52. Bd6 c5 53.
Kxc5 Bg2 54. b5 Bf1 55. Kb6 f6 56. Ka5 1-0

[Event "Chess Festival 2008 - IM Dopravni Stavb"]
[Site "Brno CZE"]
[Date "2008.07.05"]
[Round "10.2"]
[White "Andonov, Bogomil"]
[Black "Holemar, David"]
[Result "0-1"]
[WhiteElo "2334"]
[BlackElo "2321"]
[PlyCount "64"]
[EventDate "2008.06.27"]
[EventType "tourn"]
[EventRounds "11"]
[EventCountry "CZE"]
[Source "lmi"]
[SourceDate "2008.06.27"]

1. Nf3 Nf6 2. c4 g6 3. Nc3 Bg7 4. e4 d6 5. d4 O-O 6. h3 c5 7. d5 e6 8. Bd3 exd5
9. exd5 Re8+ 10. Kf1 Bd7 11. Bf4 Na6 12. Qd2 Nb4 13. Bb1 b5 14. a3 Qa5 15. Na2
bxc4 16. axb4 cxb4 17. Qxb4 Qa6 18. Qxd6 Qa4 19. Kg1 Nh5 20. Bc1 Rad8 21. Qb4
Qa6 22. Bc2 Rb8 23. Qc5 Bxb2 24. Rb1 Qxa2 25. Be3 Ba3 26. Qxa7 Rxb1+ 27. Bxb1
Qxb1+ 28. Kh2 Bd6+ 29. g3 Qf5 30. Kg2 Nf6 31. Bd4 Qxd5 32. Rc1 Bc6 0-1

[Event "Chess Festival 2008 - IM Dopravni Stavb"]
[Site "Brno CZE"]
[Date "2008.07.05"]
[Round "10.4"]
[White "Skacelik, Petr"]
[Black "Vesely, Jaromir"]
[Result "1/2-1/2"]
[WhiteElo "2260"]
[BlackElo "2074"]
[PlyCount "131"]
[EventDate "2008.06.27"]
[EventType "tourn"]
[EventRounds "11"]
[EventCountry "CZE"]
[Source "lmi"]
[SourceDate "2008.06.27"]

1. d4 d5 2. c4 e6 3. Nc3 Nf6 4. Bg5 Nbd7 5. e3 c6 6. Nf3 Be7 7. Rc1 b6 8. Bd3
Bb7 9. O-O O-O 10. Qe2 Re8 11. Rfd1 Nf8 12. Ne5 N6d7 13. Bxe7 Qxe7 14. f4 f6
15. Nxd7 Qxd7 16. Qf2 a6 17. e4 b5 18. exd5 exd5 19. cxd5 cxd5 20. Bc2 Qd6 21.
Bb3 Nd7 22. Re1 Nb6 23. Ne4 Qd7 24. Nc5 Qf7 25. Bc2 Nc4 26. Bf5 Bc8 27. Rxe8+
Qxe8 28. Re1 Qc6 29. Be6+ Bxe6 30. Rxe6 Nd6 31. Qg3 f5 32. Re7 g6 33. Qh4 Nf7
34. Re6 Qc7 35. Qe1 Qd8 36. g3 Nd6 37. Qe5 Nc4 38. Qe2 Nd6 39. b3 Ne4 40. b4 a5
41. Qxb5 axb4 42. Nb7 Rb8 43. Rb6 Qc7 44. Qxd5+ Kf8 45. Qb5 Qc3 46. Qxb4+ Qxb4
47. Rxb4 Nd6 48. Rb6 Rxb7 49. Rxd6 Rb1+ 50. Kg2 Rb2+ 51. Kh3 Rxa2 52. Rd7 Kg8
53. g4 fxg4+ 54. Kg3 h5 55. d5 Rd2 56. d6 Kf8 57. Rd8+ Kf7 58. d7 Ke7 59. Rg8
Kxd7 60. Rxg6 Rd3+ 61. Kg2 Rh3 62. Rg5 Ke7 63. Ra5 Kf6 64. Rb5 Kg6 65. Rg5+ Kf6
66. Ra5 1/2-1/2

[Event "Chess Festival 2008 - IM Dopravni Stavb"]
[Site "Brno CZE"]
[Date "2008.07.05"]
[Round "10.5"]
[White "Zavadil, Michal"]
[Black "Narayanan, Srinath"]
[Result "0-1"]
[WhiteElo "2113"]
[BlackElo "2220"]
[PlyCount "44"]
[EventDate "2008.06.27"]
[EventType "tourn"]
[EventRounds "11"]
[EventCountry "CZE"]
[Source "lmi"]
[SourceDate "2008.06.27"]

1. d4 Nf6 2. c4 e6 3. Nc3 Bb4 4. e3 c5 5. Bd3 O-O 6. Nf3 d5 7. O-O Nc6 8. a3
Bxc3 9. bxc3 dxc4 10. Bxc4 Qc7 11. Bd3 e5 12. Qc2 Re8 13. e4 c4 14. Bxc4 exd4
15. cxd4 Bg4 16. Bd3 Bxf3 17. gxf3 Qd7 18. d5 Nd4 19. Qd1 Qh3 20. Be2 Nxe2+ 21.
Qxe2 Nxd5 22. Kh1 Nc3 0-1

[Event "Chess Festival 2008 - IM Dopravni Stavb"]
[Site "Brno CZE"]
[Date "2008.07.05"]
[Round "10.6"]
[White "Lahner, Jakub"]
[Black "Janko, Zoltan"]
[Result "1/2-1/2"]
[WhiteElo "2314"]
[BlackElo "2235"]
[PlyCount "89"]
[EventDate "2008.06.27"]
[EventType "tourn"]
[EventRounds "11"]
[EventCountry "CZE"]
[Source "lmi"]
[SourceDate "2008.06.27"]

1. d4 Nf6 2. c4 g6 3. Nc3 d5 4. Nf3 Bg7 5. Qb3 dxc4 6. Qxc4 O-O 7. e4 Na6 8.
Be2 c5 9. d5 e6 10. O-O exd5 11. exd5 Bf5 12. Bf4 Re8 13. Be5 Nxd5 14. Qxd5
Qxd5 15. Nxd5 Bxe5 16. Nxe5 Rxe5 17. Bxa6 bxa6 18. Ne3 Be6 19. Rfc1 Rb8 20. b3
a5 21. Nc4 Bxc4 22. Rxc4 Rd8 23. Kf1 Rd2 24. Re1 Rxe1+ 25. Kxe1 Rxa2 26. Rxc5
a4 27. bxa4 Rxa4 28. Rc7 Ra2 29. h3 a5 30. Ra7 h5 31. h4 Kg7 32. Ra6 a4 33. g3
a3 34. Kf1 Kf8 35. Ra7 Ra1+ 36. Kg2 a2 37. Kf3 Ke8 38. Kg2 Kd8 39. Kf3 Kc8 40.
Ra8+ Kb7 41. Ra3 f6 42. Kg2 Kb6 43. Ra8 g5 44. hxg5 fxg5 45. Ra3 1/2-1/2

[Event "Chess Festival 2008 - IM Dopravni Stavb"]
[Site "Brno CZE"]
[Date "2008.07.06"]
[Round "11.1"]
[White "Janko, Zoltan"]
[Black "Murdzia, Piotr"]
[Result "0-1"]
[WhiteElo "2235"]
[BlackElo "2471"]
[PlyCount "104"]
[EventDate "2008.06.27"]
[EventType "tourn"]
[EventRounds "11"]
[EventCountry "CZE"]
[Source "lmi"]
[SourceDate "2008.06.27"]

1. e4 g6 2. d4 Bg7 3. Nf3 d6 4. Bc4 e6 5. Bg5 Ne7 6. Qd2 h6 7. Be3 d5 8. exd5
Nxd5 9. Bxd5 exd5 10. Ne5 Nd7 11. f4 Nf6 12. Nc3 c6 13. Qe2 Qe7 14. O-O-O h5
15. Rde1 Bf5 16. g3 Ne4 17. Nxe4 Bxe4 18. Rhg1 O-O-O 19. Qd2 Rde8 20. Qa5 f6
21. Nd3 b6 22. Qc3 Qd7 23. a4 Re7 24. Nb4 Re6 25. a5 Rhe8 26. Bd2 Bf8 27. axb6
axb6 28. Qa3 Qb7 29. Re3 Kd7 30. Qa2 Ra8 31. Ra3 Ree8 32. g4 Rxa3 33. bxa3 c5
34. Nd3 hxg4 35. Rxg4 Qc6 36. Rg3 Bf5 37. Qb2 Re2 38. dxc5 bxc5 39. Qb8 Be7 40.
Re3 Rxe3 41. Bxe3 d4 42. Bd2 c4 43. Qa7+ Ke8 44. Bb4 Qh1+ 45. Ne1 Bxb4 46. Qb8+
Kf7 47. Qxb4 c3 48. Qc4+ Kg7 49. Qc7+ Kh6 50. Qe7 Be4 51. Kd1 Kh5 52. Qe6 Qxh2
0-1

[Event "Chess Festival 2008 - IM Dopravni Stavb"]
[Site "Brno CZE"]
[Date "2008.07.06"]
[Round "11.2"]
[White "Narayanan, Srinath"]
[Black "Lahner, Jakub"]
[Result "1/2-1/2"]
[WhiteElo "2220"]
[BlackElo "2314"]
[PlyCount "28"]
[EventDate "2008.06.27"]
[EventType "tourn"]
[EventRounds "11"]
[EventCountry "CZE"]
[Source "lmi"]
[SourceDate "2008.06.27"]

1. e4 e5 2. Nf3 Nc6 3. Bc4 Nf6 4. d3 Bc5 5. c3 a6 6. Bb3 Ba7 7. Nbd2 O-O 8. h3
d5 9. exd5 Nxd5 10. Ne4 f6 11. O-O Be6 12. d4 exd4 13. cxd4 Bf7 14. Nc5 Bxc5
1/2-1/2

[Event "Chess Festival 2008 - IM Dopravni Stavb"]
[Site "Brno CZE"]
[Date "2008.07.06"]
[Round "11.4"]
[White "Splosnov, Sergei"]
[Black "Skacelik, Petr"]
[Result "1-0"]
[WhiteElo "2355"]
[BlackElo "2260"]
[PlyCount "93"]
[EventDate "2008.06.27"]
[EventType "tourn"]
[EventRounds "11"]
[EventCountry "CZE"]
[Source "lmi"]
[SourceDate "2008.06.27"]

1. d4 g6 2. Nf3 Bg7 3. c4 Nf6 4. g3 O-O 5. Bg2 d6 6. Nc3 c5 7. O-O Nc6 8. d5
Na5 9. Nd2 a6 10. Rb1 Rb8 11. b3 b5 12. Bb2 e6 13. dxe6 Bxe6 14. cxb5 axb5 15.
Nde4 Ne8 16. Nd5 Nc6 17. Bxg7 Kxg7 18. Qd2 Bxd5 19. Qxd5 Nd4 20. e3 Ne2+ 21.
Kh1 f5 22. Qd2 fxe4 23. Bxe4 Nxg3+ 24. hxg3 b4 25. Rbd1 Rb6 26. f4 Nf6 27. Bf3
Qe7 28. Qd3 Re8 29. Rfe1 Ne4 30. Bxe4 Qxe4+ 31. Qxe4 Rxe4 32. Kg2 Re7 33. Kf3
Ra6 34. Re2 h5 35. g4 hxg4+ 36. Kxg4 Kf6 37. e4 Rc6 38. Rd5 Rf7 39. Red2 Ke7
40. Kg5 Ke6 41. f5+ gxf5 42. exf5+ Ke7 43. Re2+ Kf8 44. f6 Rh7 45. Red2 Ra7 46.
Kg6 Ke8 47. Re2+ 1-0

[Event "Chess Festival 2008 - IM Dopravni Stavb"]
[Site "Brno CZE"]
[Date "2008.07.06"]
[Round "11.5"]
[White "Holemar, David"]
[Black "Kozak, Milos"]
[Result "1-0"]
[WhiteElo "2321"]
[BlackElo "2197"]
[PlyCount "71"]
[EventDate "2008.06.27"]
[EventType "tourn"]
[EventRounds "11"]
[EventCountry "CZE"]
[Source "lmi"]
[SourceDate "2008.06.27"]

1. Nf3 Nf6 2. c4 e6 3. Nc3 d5 4. e3 dxc4 5. Bxc4 a6 6. O-O b5 7. Bb3 Bb7 8. d4
c5 9. Qe2 Nbd7 10. Rd1 Qc7 11. d5 c4 12. dxe6 fxe6 13. Bc2 Bd6 14. e4 O-O 15.
h3 Rae8 16. Bg5 Ne5 17. Nd4 Bc5 18. Bf4 Nfd7 19. Be3 Rf7 20. Rd2 Bf8 21. f4 Ng6
22. e5 Bc5 23. Rf1 Ngf8 24. Ne4 Be7 25. Qh5 g6 26. Qh6 Nc5 27. Nd6 Bxd6 28.
exd6 Qc8 29. Nf3 Bxf3 30. Rxf3 e5 31. f5 e4 32. fxg6 Rxf3 33. gxh7+ Nxh7 34.
Qg6+ Kh8 35. gxf3 Ne6 36. d7 1-0

[Event "Chess Festival 2008 - IM Dopravni Stavb"]
[Site "Brno CZE"]
[Date "2008.07.06"]
[Round "11.6"]
[White "Chladek, Vaclav"]
[Black "Andonov, Bogomil"]
[Result "0-1"]
[WhiteElo "2161"]
[BlackElo "2334"]
[PlyCount "58"]
[EventDate "2008.06.27"]
[EventType "tourn"]
[EventRounds "11"]
[EventCountry "CZE"]
[Source "lmi"]
[SourceDate "2008.06.27"]

1. e4 c6 2. d4 d5 3. exd5 cxd5 4. c4 Nf6 5. Nc3 g6 6. Nf3 Bg7 7. cxd5 Nxd5 8.
Bc4 Nb6 9. Bb3 Nc6 10. Bf4 O-O 11. d5 Na5 12. Be5 Bxe5 13. Nxe5 Qd6 14. Qd4 f6
15. Nc4 Nbxc4 16. Bxc4 Qb4 17. b3 b5 18. a3 Nxb3 19. axb4 Nxd4 20. Rd1 Nc2+ 21.
Kd2 bxc4 22. Kxc2 Bf5+ 23. Kd2 Rfb8 24. b5 a6 25. Ra1 axb5 26. Rxa8 Rxa8 27.
Nxb5 Be4 28. Nc3 Bxg2 29. Re1 Bxd5 0-1